[Event "Budapest FS08 IM-A"]
[Site "Budapest"]
[Date "2006.08.15"]
[Round "11"]
[White "Werner, Dimo"]
[Black "Woodward, Timothy"]
[Result "1/2-1/2"]
[WhiteElo "2315"]
[BlackElo "2352"]
[PlyCount "74"]
[EventDate "2006.08.05"]
[EventType "tourn"]
[EventRounds "13"]
[EventCountry "HUN"]
[EventCategory "2"]
[SourceTitle "CBM 113 Extra"]
[Source "ChessBase"]
[SourceDate "2006.09.14"]
[SourceVersion "1"]
[SourceVersionDate "2006.09.14"]
[SourceQuality "1"]

1. g3 d5 2. Bg2 e5 3. c4 c6 4. cxd5 cxd5 5. d4 exd4 6. Nf3 Bb4+ 7. Bd2 Bc5 8. 0-0 Nc6 9. b4 Bb6 10. b5 Nce7 11. Bc1 Nf5 12. Bb2 Nf6 13. Nxd4 Nd6 14. a4 0-0 15. Nd2 a6 16. Qb3 axb5 17. Nxb5 Nxb5 18. Qxb5 Ra5 19. Qb4 Bc5 20. Qb3 Ra6 21. Qd3 Be6 22. Nb3 Bb6 23. Bd4 Bd7 24. a5 Bxd4 25. Qxd4 Bc6 26. Rfc1 Re8 27. e3 Ne4 28. h4 h6 29. Rd1 Qe7 30. Qb2 Qb4 31. Rd4 Qe7 32. Rdd1 Qb4 33. Qa3 Qc3 34. Nd4 Qxa3 35. Rxa3 Rea8 36. Bxe4 dxe4 37. Rc1 Rxa5 1/2-1/2

[Event "Budapest FS08 IM-A"]
[Site "Budapest"]
[Date "2006.08.14"]
[Round "10"]
[White "Woodward, Timothy"]
[Black "Sardy, Peter"]
[Result "0-1"]
[WhiteElo "2352"]
[BlackElo "2339"]
[PlyCount "72"]
[EventDate "2006.08.05"]
[EventType "tourn"]
[EventRounds "13"]
[EventCountry "HUN"]
[EventCategory "2"]
[SourceTitle "CBM 113 Extra"]
[Source "ChessBase"]
[SourceDate "2006.09.14"]
[SourceVersion "1"]
[SourceVersionDate "2006.09.14"]
[SourceQuality "1"]

1. d4 Nf6 2. c4 c5 3. d5 e6 4. Nc3 exd5 5. cxd5 Bd6 6. g3 0-0 7. Bg2 Bc7 8. Nf3 d6 9. 0-0 a6 10. a4 Nbd7 11. Bf4 Re8 12. Rb1 Rb8 13. h3 Nf8 14. Qc2 Ba5 15. Rfd1 Ng6 16. Be3 b5 17. Na2 bxa4 18. Nc3 Bd7 19. Nxa4 Ne4 20. Kh2 Rb4 21. Nc3 Rc4 22. Qb3 Rxc3 23. bxc3 Nxc3 24. Rdc1 Nxb1 25. Rxb1 Bb5 26. Qc2 h6 27. Nd2 Ne5 28. Qf5 Bxe2 29. Be4 g6 30. Qf4 Bd3 31. Bxd3 Nxd3 32. Qxh6 Qf6 33. Nc4 Bc3 34. Rb6 Qf3 35. Rxd6 Bg7 36. Nd2 Qe2 0-1

[Event "Budapest FS08 IM-A"]
[Site "Budapest"]
[Date "2006.08.12"]
[Round "8"]
[White "Woodward, Timothy"]
[Black "Rudolf, Anna"]
[Result "1/2-1/2"]
[WhiteElo "2352"]
[BlackElo "2249"]
[PlyCount "110"]
[EventDate "2006.08.05"]
[EventType "tourn"]
[EventRounds "13"]
[EventCountry "HUN"]
[EventCategory "2"]
[SourceTitle "CBM 113 Extra"]
[Source "ChessBase"]
[SourceDate "2006.09.14"]
[SourceVersion "1"]
[SourceVersionDate "2006.09.14"]
[SourceQuality "1"]

1. d4 e6 2. c4 Nf6 3. Nc3 Bb4 4. Qc2 d5 5. cxd5 exd5 6. Bg5 c5 7. dxc5 h6 8. Bxf6 Qxf6 9. e3 0-0 10. Nf3 Be6 11. 0-0-0 Bxc3 12. Qxc3 Qxc3+ 13. bxc3 Rc8 14. Kb2 Rxc5 15. Nd4 Nd7 16. Be2 Rac8 17. Rc1 Nb6 18. Kb3 Bd7 19. Bd3 Na4 20. Ne2 R8c6 21. Kc2 Nxc3 22. Nxc3 Rxc3+ 23. Kd2 Rxc1 24. Rxc1 Rxc1 25. Kxc1 Kf8 26. Kb2 Ke7 27. Kc3 Kd6 28. Kd4 g5 29. g3 f6 30. f4 Bg4 31. fxg5 fxg5 32. a3 Bd1 33. h4 a6 34. hxg5 hxg5 35. Bb1 Bb3 36. Bg6 b5 37. Bd3 Bc4 38. Bg6 a5 39. Bf5 b4 40. axb4 a4 41. Bc2 a3 42. Kc3 Ke5 43. Bg6 a2 44. Kb2 d4 45. exd4+ Kxd4 46. Be8 Bb3 47. Bb5 Kd5 48. Be2 Bc4 49. Bf3+ Kd6 50. Bd1 Ke5 51. Bf3 Kd4 52. Bc6 Be6 53. Bb5 Bd5 54. Ba6 Bc4 55. Bb7 Bb3 1/2-1/2

[Event "Budapest FS08 IM-A"]
[Site "Budapest"]
[Date "2006.08.11"]
[Round "7"]
[White "Toth, Lili"]
[Black "Woodward, Timothy"]
[Result "1/2-1/2"]
[WhiteElo "2217"]
[BlackElo "2352"]
[PlyCount "80"]
[EventDate "2006.08.05"]
[EventType "tourn"]
[EventRounds "13"]
[EventCountry "HUN"]
[EventCategory "2"]
[SourceTitle "CBM 113 Extra"]
[Source "ChessBase"]
[SourceDate "2006.09.14"]
[SourceVersion "1"]
[SourceVersionDate "2006.09.14"]
[SourceQuality "1"]

1. d4 Nf6 2. c4 e6 3. Nf3 c5 4. d5 d6 5. Nc3 exd5 6. cxd5 g6 7. e4 a6 8. a4 Bg4 9. Be2 Bxf3 10. gxf3 Bg7 11. f4 Nbd7 12. Bd2 Qe7 13. Qc2 0-0 14. 0-0 Ne8 15. Kh1 Qh4 16. Qd3 f5 17. exf5 gxf5 18. Nd1 Nef6 19. Qxf5 Rae8 20. Bf3 Ne4 21. Bxe4 Rxf5 22. Bxf5 Re2 23. Be3 Nf6 24. Rg1 Qh5 25. Be6+ Kf8 26. Nc3 Qf3+ 27. Rg2 Rxb2 28. Kg1 Rc2 29. Rg3 Qh5 30. Rg5 Qh4 31. Ra3 h6 32. Rg3 Qh5 33. Rb3 Rxc3 34. Rxb7 Ne8 35. f5 Rb3 36. Ra7 Rxe3 37. fxe3 Qd1+ 38. Kf2 Qd2+ 39. Kf3 Qd1+ 40. Kf2 Qd2+ 1/2-1/2

[Event "BCF-chT2 0506 (4NCL)"]
[Site "Birmingham"]
[Date "2006.04.30"]
[Round "10.2"]
[White "Woodward, Timothy"]
[Black "Kobese, Watu"]
[Result "0-1"]
[WhiteElo "2345"]
[BlackElo "2390"]
[PlyCount "80"]
[EventDate "2005.10.22"]
[EventType "team"]
[EventRounds "11"]
[EventCountry "ENG"]
[SourceTitle "EXT 2007"]
[Source "ChessBase"]
[SourceDate "2006.11.23"]
[SourceVersion "1"]
[SourceVersionDate "2006.11.23"]
[SourceQuality "1"]
[WhiteTeam "Wood Green III"]
[BlackTeam "White Rose"]
[WhiteTeamCountry "ENG"]
[BlackTeamCountry "ENG"]

1. d4 Nf6 2. c4 e6 3. Nc3 Bb4 4. Qc2 Nc6 5. Nf3 d6 6. a3 Bxc3+ 7. Qxc3 a5 8. b3 0-0 9. e3 Re8 10. Be2 e5 11. d5 Nb8 12. Bb2 Nbd7 13. b4 axb4 14. axb4 Rxa1+ 15. Bxa1 b5 16. 0-0 bxc4 17. Bxc4 Nb6 18. Nd2 Nfxd5 19. Bxd5 Nxd5 20. Qa3 Be6 21. Rc1 Qb8 22. Qa5 Qb7 23. Qa4 Ra8 24. Qd1 Nxb4 25. Qh5 Qd5 26. Nf3 f6 27. Nh4 Qe4 28. h3 Bf7 29. Qg4 Qxg4 30. hxg4 g6 31. Nf3 h6 32. Bc3 Na2 33. Ra1 Ra4 34. Bd2 Rxg4 35. Ne1 c5 36. f4 g5 37. Kf2 gxf4 38. exf4 h5 39. g3 h4 40. gxh4 Rxh4 0-1

[Event "BCF-chT2 0506 (4NCL)"]
[Site "Birmingham"]
[Date "2005.11.19"]
[Round "3.1"]
[White "Woodward, Timothy"]
[Black "Cobb, James"]
[Result "1-0"]
[WhiteElo "2334"]
[BlackElo "2343"]
[PlyCount "63"]
[EventDate "2005.10.22"]
[EventType "team"]
[EventRounds "11"]
[EventCountry "ENG"]
[SourceTitle "EXT 2007"]
[Source "ChessBase"]
[SourceDate "2006.11.23"]
[SourceVersion "1"]
[SourceVersionDate "2006.11.23"]
[SourceQuality "1"]
[WhiteTeam "Wood Green III"]
[BlackTeam "SW Dragons"]
[WhiteTeamCountry "ENG"]
[BlackTeamCountry "ENG"]

1. d4 e6 2. c4 d5 3. Nc3 Be7 4. Nf3 Nf6 5. Bf4 0-0 6. e3 c5 7. dxc5 Nc6 8. a3 Bxc5 9. Qc2 Qa5 10. Rd1 Be7 11. Be2 dxc4 12. Bxc4 b6 13. Bb5 Bd7 14. Rxd7 Nxd7 15. Bxc6 Rad8 16. 0-0 Nf6 17. Ne5 Qa6 18. Bb5 Qb7 19. Nc6 Rc8 20. Nxe7+ Qxe7 21. Ba6 Rcd8 22. e4 Qc5 23. Be3 Qh5 24. h3 Nd7 25. Be2 Qh4 26. Rc1 Kh8 27. Qa4 a5 28. Qb5 f5 29. exf5 exf5 30. Nd5 f4 31. Nxf4 Rxf4 32. g3 1-0

[Event "BCF-chT2 0506 (4NCL)"]
[Site "Birmingham"]
[Date "2005.10.23"]
[Round "2.1"]
[White "Ozeren, Kemal"]
[Black "Woodward, Timothy"]
[Result "1-0"]
[WhiteElo "2286"]
[BlackElo "2334"]
[PlyCount "97"]
[EventDate "2005.10.22"]
[EventType "team"]
[EventRounds "11"]
[EventCountry "ENG"]
[SourceTitle "EXT 2007"]
[Source "ChessBase"]
[SourceDate "2006.11.23"]
[SourceVersion "1"]
[SourceVersionDate "2006.11.23"]
[SourceQuality "1"]
[WhiteTeam "Oxford"]
[BlackTeam "Wood Green III"]
[WhiteTeamCountry "ENG"]
[BlackTeamCountry "ENG"]

1. d4 d5 2. c4 c6 3. Nf3 Nf6 4. e3 Bf5 5. cxd5 cxd5 6. Qb3 Qc7 7. Bd2 Nc6 8. Bb5 e6 9. 0-0 Bd6 10. Bb4 0-0 11. Bxc6 bxc6 12. Nbd2 Rab8 13. Bxd6 Qxd6 14. Qc3 Rfc8 15. Rfc1 Nd7 16. Ne5 Nxe5 17. dxe5 Qb4 18. Qxb4 Rxb4 19. b3 f6 20. Rc5 Rb5 21. Rac1 Rxc5 22. Rxc5 Kf7 23. f4 fxe5 24. fxe5 Ke7 25. Nf3 Kd7 26. Nd4 Bd3 27. Kf2 Rf8+ 28. Kg3 Rc8 29. Kg4 Rc7 30. a3 Rc8 31. h4 Rc7 32. h5 h6 33. Kh4 g6 34. hxg6 Bxg6 35. b4 a6 36. g4 Be8 37. Rc1 Ke7 38. Kg3 a5 39. Rh1 axb4 40. axb4 c5 41. bxc5 Rxc5 42. Rxh6 Bf7 43. Rh1 Rc8 44. Nb5 Bg6 45. Ra1 Rc6 46. Ra7+ Kf8 47. Kf4 Rc1 48. Kg5 Be4 49. Nd4 1-0

[Event "Budapest FS09 IM-A"]
[Site "Budapest"]
[Date "2005.09.10"]
[Round "8"]
[White "Woodward, Timothy"]
[Black "Petran, Pal"]
[Result "1/2-1/2"]
[WhiteElo "2313"]
[BlackElo "2416"]
[PlyCount "63"]
[EventDate "2005.09.03"]
[EventType "tourn"]
[EventRounds "9"]
[EventCountry "HUN"]
[EventCategory "2"]
[SourceTitle "CBM 108 Extra"]
[Source "ChessBase"]
[SourceDate "2005.11.04"]
[SourceVersion "1"]
[SourceVersionDate "2005.11.04"]
[SourceQuality "1"]

1. d4 Nf6 2. c4 e6 3. Nc3 Bb4 4. Qc2 c5 5. dxc5 Bxc5 6. Nf3 Qb6 7. e3 Qc7 8. b3 b6 9. Bb2 a6 10. Be2 Bb7 11. g4 Nc6 12. g5 Ng4 13. Ne4 Nce5 14. Nxe5 Nxe5 15. f4 Qc6 16. Bxe5 Qxe4 17. Qxe4 Bxe4 18. Rg1 0-0 19. Kf2 d5 20. cxd5 Bxd5 21. Bd3 Rfc8 22. Rac1 b5 23. h4 Ba3 24. Rcd1 Bb4 25. Rc1 Ba3 26. Rxc8+ Rxc8 27. h5 Rc1 28. Rxc1 Bxc1 29. e4 Bc6 30. Kf3 g6 31. h6 Kf8 32. Kg4 1/2-1/2

[Event "Budapest FS09 IM-A"]
[Site "Budapest"]
[Date "2005.09.04"]
[Round "2"]
[White "Werner, Dimo"]
[Black "Woodward, Timothy"]
[Result "1/2-1/2"]
[WhiteElo "2369"]
[BlackElo "2313"]
[PlyCount "56"]
[EventDate "2005.09.03"]
[EventType "tourn"]
[EventRounds "9"]
[EventCountry "HUN"]
[EventCategory "2"]
[SourceTitle "CBM 108 Extra"]
[Source "ChessBase"]
[SourceDate "2005.11.04"]
[SourceVersion "1"]
[SourceVersionDate "2005.11.04"]
[SourceQuality "1"]

1. Nf3 d5 2. e3 Nf6 3. c4 c6 4. b3 Bf5 5. Be2 h6 6. 0-0 e6 7. Bb2 Be7 8. d3 0-0 9. Nbd2 a5 10. a3 Nbd7 11. Qc2 Bh7 12. Ne5 Nxe5 13. Bxe5 Bd6 14. Bxd6 Qxd6 15. c5 Qc7 16. b4 b5 17. cxb6 Qxb6 18. bxa5 Qxa5 19. Nb3 Qa4 20. Rfc1 Rfb8 21. Nc5 Qxc2 22. Rxc2 Kf8 23. Rcc1 Ke7 24. d4 Nd7 25. Nxd7 Kxd7 26. Rc5 Rb2 27. Bf1 Bc2 28. a4 Rb1 1/2-1/2

[Event "BCF-ch 92nd"]
[Site "Douglas"]
[Date "2005.08.10"]
[Round "9"]
[White "Woodward, Timothy"]
[Black "Ashton, Adam"]
[Result "1/2-1/2"]
[WhiteElo "2313"]
[BlackElo "2294"]
[PlyCount "45"]
[EventDate "2005.08.01"]
[EventType "swiss"]
[EventRounds "11"]
[EventCountry "ENG"]
[SourceTitle "CBM 107 Extra"]
[Source "ChessBase"]
[SourceDate "2005.09.01"]
[SourceVersion "1"]
[SourceVersionDate "2005.09.01"]
[SourceQuality "1"]

1. d4 d5 2. c4 e5 3. cxd5 Qxd5 4. e3 exd4 5. Nc3 Bb4 6. exd4 Nc6 7. Nf3 Bg4 8. Be2 Bxf3 9. Bxf3 Qc4 10. Bxc6+ bxc6 11. Qe2+ Qxe2+ 12. Kxe2 0-0-0 13. Be3 Ne7 14. Rhd1 Nf5 15. a3 Ba5 16. g4 Ne7 17. b4 Bb6 18. Rac1 Rd7 19. Na4 Rhd8 20. Nc5 Rd5 21. Nb3 Kb7 22. Rc4 R8d6 23. Rb1 1/2-1/2

[Event "BCF-ch 92nd"]
[Site "Douglas"]
[Date "2005.08.09"]
[Round "8"]
[White "Morrison, Graham"]
[Black "Woodward, Timothy"]
[Result "1/2-1/2"]
[WhiteElo "2322"]
[BlackElo "2313"]
[PlyCount "121"]
[EventDate "2005.08.01"]
[EventType "swiss"]
[EventRounds "11"]
[EventCountry "ENG"]
[SourceTitle "CBM 107 Extra"]
[Source "ChessBase"]
[SourceDate "2005.09.01"]
[SourceVersion "1"]
[SourceVersionDate "2005.09.01"]
[SourceQuality "1"]

1. Nf3 d5 2. c4 d4 3. g3 Nc6 4. Bg2 e5 5. 0-0 Nf6 6. d3 Nd7 7. Na3 Be7 8. Nc2 a5 9. e3 Nc5 10. Nxe5 Nxe5 11. exd4 Nexd3 12. dxc5 0-0 13. c6 bxc6 14. b3 Bf6 15. Ba3 Re8 16. Rb1 Ra6 17. Qd2 Bf5 18. Rbd1 c5 19. Ne1 Rd6 20. Qxa5 Nf4 21. Rxd6 Ne2+ 22. Kh1 cxd6 23. Qxd8 Rxd8 24. Nf3 Bc3 25. Bc1 Bd3 26. Bd2 Bf6 27. Re1 h5 28. Bf1 Nd4 29. Nxd4 Bxf1 30. Nc6 Rc8 31. Rxf1 Rxc6 32. a4 Rb6 33. Rb1 h4 34. Kg2 hxg3 35. hxg3 Bd4 36. Kf3 f5 37. Ke2 Kf7 38. f4 Rb8 39. a5 Ra8 40. Kf3 Rh8 41. Kg2 Ke7 42. b4 cxb4 43. Rxb4 Kd7 44. Ra4 Kc6 45. Kf3 Re8 46. a6 Kb6 47. Ra3 Ka7 48. Be3 Re4 49. Bxd4+ Rxd4 50. Rc3 Kxa6 51. c5 Rd5 52. cxd6 Rxd6 53. Rc7 g6 54. Kg2 Kb6 55. Rc2 Rc6 56. Rd2 Kc7 57. Kh3 Rd6 58. Rxd6 Kxd6 59. Kh4 Ke6 60. Kg5 Kf7 61. Kh6 1/2-1/2

[Event "BCF-ch 92nd"]
[Site "Douglas"]
[Date "2005.08.08"]
[Round "7"]
[White "Woodward, Timothy"]
[Black "White, Michael JR"]
[Result "1-0"]
[WhiteElo "2313"]
[BlackElo "2200"]
[PlyCount "75"]
[EventDate "2005.08.01"]
[EventType "swiss"]
[EventRounds "11"]
[EventCountry "ENG"]
[SourceTitle "CBM 107 Extra"]
[Source "ChessBase"]
[SourceDate "2005.09.01"]
[SourceVersion "1"]
[SourceVersionDate "2005.09.01"]
[SourceQuality "1"]

1. d4 Nf6 2. c4 g6 3. Nc3 Bg7 4. e4 d6 5. Nf3 0-0 6. Be2 e5 7. 0-0 Na6 8. Be3 Ng4 9. Bg5 Qe8 10. dxe5 dxe5 11. h3 f6 12. Bd2 Nh6 13. c5 Nxc5 14. Qc1 Nf7 15. Nd5 Ne6 16. Nxc7 Nxc7 17. Qxc7 Nd8 18. Rfc1 Be6 19. Be3 Rf7 20. Qc3 Nc6 21. b4 Bf8 22. b5 Nd8 23. a4 b6 24. a5 bxa5 25. Rxa5 Nb7 26. Rxa7 Rxa7 27. Bxa7 Nd6 28. b6 Nxe4 29. Qe3 Nd6 30. Rc7 Nb5 31. b7 Nxc7 32. b8Q Qxb8 33. Bxb8 Nd5 34. Qd2 Bb4 35. Qa2 Kg7 36. Bc4 Rd7 37. Qa6 Bf7 38. Qb5 1-0

[Event "BCF-ch 92nd"]
[Site "Douglas"]
[Date "2005.08.01"]
[Round "1"]
[White "Woodward, Timothy"]
[Black "Pym, Thomas TW"]
[Result "1-0"]
[WhiteElo "2313"]
[BlackElo "2099"]
[PlyCount "63"]
[EventDate "2005.08.01"]
[EventType "swiss"]
[EventRounds "11"]
[EventCountry "ENG"]
[SourceTitle "CBM 107 Extra"]
[Source "ChessBase"]
[SourceDate "2005.09.01"]
[SourceVersion "1"]
[SourceVersionDate "2005.09.01"]
[SourceQuality "1"]

1. d4 Nf6 2. c4 c5 3. d5 b5 4. cxb5 a6 5. bxa6 g6 6. Nc3 Bxa6 7. g3 Bg7 8. Bg2 d6 9. Nf3 0-0 10. Rb1 Nbd7 11. b3 Qa5 12. Bd2 Bb7 13. a4 Qb6 14. Nh4 e6 15. dxe6 fxe6 16. 0-0 Bxg2 17. Nxg2 d5 18. Qc2 e5 19. Bg5 Qc6 20. Rbd1 Rab8 21. Bxf6 Nxf6 22. Nxd5 Nxd5 23. Qc4 Rfd8 24. Ne3 Rb4 25. Nxd5 Rxc4 26. Ne7+ Kf7 27. Nxc6 Rxd1 28. Rxd1 Rc2 29. Rd7+ Kf8 30. a5 Ra2 31. e4 h5 32. h4 1-0

[Event "BCF-chT2 0405 (4NCL)"]
[Site "West Bromwich"]
[Date "2005.04.30"]
[Round "9.3"]
[White "Woodward, Timothy"]
[Black "Burnett, Jim"]
[Result "1-0"]
[WhiteElo "2333"]
[BlackElo "2194"]
[PlyCount "85"]
[EventDate "2004.09.18"]
[EventType "team"]
[EventRounds "11"]
[EventCountry "ENG"]
[SourceTitle "EXT 2006"]
[Source "ChessBase"]
[SourceDate "2005.11.24"]
[SourceVersion "1"]
[SourceVersionDate "2005.11.24"]
[SourceQuality "1"]
[WhiteTeam "Wood Green III"]
[BlackTeam "White Rose"]
[WhiteTeamCountry "ENG"]
[BlackTeamCountry "ENG"]

1. d4 d5 2. c4 e6 3. Nc3 c6 4. Nf3 Nf6 5. Bg5 dxc4 6. e4 b5 7. e5 h6 8. Bh4 g5 9. Nxg5 hxg5 10. Bxg5 Nbd7 11. g3 Bb7 12. Bg2 Qb6 13. exf6 0-0-0 14. 0-0 c5 15. d5 b4 16. Rb1 Qa6 17. dxe6 Bxg2 18. e7 Bxf1 19. Kxf1 Bh6 20. exd8Q+ Kxd8 21. Bxh6 Rxh6 22. Nd5 c3+ 23. Kg1 Qe6 24. Nf4 Qxa2 25. bxc3 Rxf6 26. cxb4 Rd6 27. Qf1 c4 28. Rc1 Ne5 29. Qg2 Qa3 30. Qa8+ Kd7 31. Qb7+ Kd8 32. Qb8+ Kd7 33. Qb7+ Kd8 34. Rf1 Qa6 35. Qa8+ Kd7 36. Re1 f6 37. Ng6 Rd3 38. Nxe5+ fxe5 39. b5 Qxb5 40. Qxa7+ Kd8 41. Qg7 Rd5 42. Ra1 Qc6 43. Ra8+ 1-0

[Event "BCF-chT2 0405 (4NCL)"]
[Site "West Bromwich"]
[Date "2005.04.09"]
[Round "7.1"]
[White "Woodward, Timothy"]
[Black "Wells, Peter K"]
[Result "1/2-1/2"]
[WhiteElo "2333"]
[BlackElo "2525"]
[PlyCount "42"]
[EventDate "2004.09.18"]
[EventType "team"]
[EventRounds "11"]
[EventCountry "ENG"]
[SourceTitle "EXT 2006"]
[Source "ChessBase"]
[SourceDate "2005.11.24"]
[SourceVersion "1"]
[SourceVersionDate "2005.11.24"]
[SourceQuality "1"]
[WhiteTeam "Wood Green III"]
[BlackTeam "Hilsmark Kingfisher"]
[WhiteTeamCountry "ENG"]
[BlackTeamCountry "ENG"]

1. d4 Nf6 2. c4 e6 3. Nc3 Bb4 4. Qc2 0-0 5. e4 d5 6. e5 Ne4 7. a3 Bxc3+ 8. bxc3 c5 9. Bd3 cxd4 10. cxd4 Qa5+ 11. Kf1 Nc6 12. Ne2 f6 13. Bxe4 dxe4 14. exf6 Qf5 15. Be3 Qxf6 16. Rd1 b6 17. Kg1 Ba6 18. h4 Na5 19. Qxe4 Nxc4 20. Nf4 Rae8 21. Rh3 Nxe3 1/2-1/2

[Event "BCF-chT2 0405 (4NCL)"]
[Site "West Bromwich"]
[Date "2004.09.19"]
[Round "2.1"]
[White "Woodward, Timothy"]
[Black "Pert, Nicholas"]
[Result "0-1"]
[WhiteElo "2334"]
[BlackElo "2493"]
[PlyCount "54"]
[EventDate "2004.09.18"]
[EventType "team"]
[EventRounds "11"]
[EventCountry "ENG"]
[SourceTitle "EXT 2006"]
[Source "ChessBase"]
[SourceDate "2005.11.24"]
[SourceVersion "1"]
[SourceVersionDate "2005.11.24"]
[SourceQuality "1"]
[WhiteTeam "Wood Green III"]
[BlackTeam "Slough Sharks"]
[WhiteTeamCountry "ENG"]
[BlackTeamCountry "ENG"]

1. d4 d5 2. c4 c6 3. Nf3 Nf6 4. Nc3 dxc4 5. a4 Bf5 6. Ne5 Nbd7 7. Nxc4 Qc7 8. g3 e5 9. dxe5 Nxe5 10. Bf4 Nfd7 11. Bg2 g5 12. Ne3 gxf4 13. Nxf5 0-0-0 14. Qc2 Ng6 15. 0-0 a5 16. Rfd1 Kb8 17. Rac1 Bc5 18. b4 axb4 19. Ne4 Ba7 20. Nfd6 fxg3 21. hxg3 Nc5 22. Nxc5 Rxd6 23. Qc4 Bxc5 24. Qxc5 Rhd8 25. Rxd6 Qxd6 26. Qb6 Ne7 27. Bxc6 Rd7 0-1

[Event "Budapest FS09 IM-B"]
[Site "Budapest"]
[Date "2004.09.09"]
[Round "6"]
[White "Lengyel, Bela"]
[Black "Woodward, Timothy"]
[Result "1/2-1/2"]
[WhiteElo "2336"]
[BlackElo "2334"]
[PlyCount "108"]
[EventDate "2004.09.??"]
[EventType "tourn"]
[EventRounds "11"]
[EventCountry "HUN"]
[EventCategory "2"]
[SourceTitle "CBM 102 Extra"]
[Source "ChessBase"]
[SourceDate "2004.11.03"]
[SourceVersion "1"]
[SourceVersionDate "2004.11.03"]
[SourceQuality "1"]

1. e4 e6 2. d4 d5 3. Nc3 Bb4 4. e5 c5 5. a3 Bxc3+ 6. bxc3 Qa5 7. Bd2 Qa4 8. Nf3 b6 9. Bd3 Ba6 10. 0-0 Bxd3 11. cxd3 Qxd1 12. Rfxd1 Nd7 13. a4 cxd4 14. cxd4 Ne7 15. a5 Nc6 16. Rdc1 Rc8 17. axb6 Nxb6 18. Ra6 0-0 19. h4 Rc7 20. h5 Rfc8 21. Rca1 h6 22. g4 Kf8 23. Kg2 Ke7 24. Kg3 Nd7 25. R6a3 Rb7 26. Rc1 Nb6 27. Kf4 Kd7 28. Rca1 Rcb8 29. Ke3 Nc8 30. Bc3 Rb3 31. Rxb3 Rxb3 32. Kd2 Rb5 33. Nh4 Rb8 34. f4 Ra8 35. f5 N8e7 36. Rf1 a5 37. f6 gxf6 38. exf6 Ng8 39. Ng6 fxg6 40. hxg6 Nxf6 41. Rxf6 Rg8 42. Rf7+ Ke8 43. Rc7 Ne7 44. Ke3 Rxg6 45. Kf4 Rg5 46. Bxa5 Ng6+ 47. Kf3 Nh4+ 48. Kf4 e5+ 49. dxe5 Ng6+ 50. Ke3 Nxe5 51. Bb4 Nxg4+ 52. Kd4 h5 53. Bd6 Rf5 54. Kc5 Rf7 1/2-1/2

[Event "Budapest FS08 IM"]
[Site "Budapest"]
[Date "2004.08.15"]
[Round "9"]
[White "Woodward, Timothy"]
[Black "Farago, Sandor"]
[Result "0-1"]
[WhiteElo "2334"]
[BlackElo "2325"]
[PlyCount "70"]
[EventDate "2004.08.07"]
[EventType "tourn"]
[EventRounds "13"]
[EventCountry "HUN"]
[EventCategory "2"]
[SourceTitle "EXT 2005"]
[Source "ChessBase"]
[SourceDate "2004.11.15"]
[SourceVersion "1"]
[SourceVersionDate "2004.11.15"]
[SourceQuality "1"]

1. d4 Nf6 2. c4 g6 3. Nc3 Bg7 4. e4 d6 5. Nf3 0-0 6. Be2 e5 7. 0-0 Nc6 8. d5 Ne7 9. Ne1 Ne8 10. Be3 f5 11. f3 c5 12. f4 exf4 13. Bxf4 fxe4 14. g4 a6 15. Nc2 Nf6 16. a4 h6 17. Ne3 g5 18. Bg3 Ng6 19. Nf5 Bxf5 20. Rxf5 Qe7 21. Qc2 Rae8 22. Raf1 Nd7 23. Kh1 Bd4 24. Qb3 b6 25. a5 bxa5 26. Qb7 Rxf5 27. gxf5 Nf4 28. Bxf4 gxf4 29. Rxf4 Nf6 30. Qxa6 Kh7 31. Nb5 Rg8 32. h3 Be3 33. Rf1 Rg3 34. Kh2 Qg7 35. Qa7 Rg2+ 0-1

[Event "Budapest FS08 IM"]
[Site "Budapest"]
[Date "2004.08.14"]
[Round "8"]
[White "Lenderman, Aleksandr"]
[Black "Woodward, Timothy"]
[Result "1-0"]
[WhiteElo "2298"]
[BlackElo "2334"]
[PlyCount "83"]
[EventDate "2004.08.07"]
[EventType "tourn"]
[EventRounds "13"]
[EventCountry "HUN"]
[EventCategory "2"]
[SourceTitle "EXT 2005"]
[Source "ChessBase"]
[SourceDate "2004.11.15"]
[SourceVersion "1"]
[SourceVersionDate "2004.11.15"]
[SourceQuality "1"]

1. e4 c6 2. d4 d5 3. Nc3 dxe4 4. Nxe4 Bf5 5. Ng3 Bg6 6. h4 h6 7. Nf3 Nd7 8. h5 Bh7 9. Bd3 Bxd3 10. Qxd3 e6 11. Bf4 Bb4+ 12. c3 Be7 13. 0-0-0 Ngf6 14. Kb1 0-0 15. Ne4 Nxe4 16. Qxe4 Nf6 17. Qe2 Qd5 18. Ne5 Qe4+ 19. Qxe4 Nxe4 20. Be3 Rfd8 21. g4 Rac8 22. f3 Nf6 23. c4 Nd7 24. Kc2 b5 25. b3 bxc4 26. bxc4 c5 27. Nxd7 Rxd7 28. d5 exd5 29. Rxd5 Rb7 30. Rb1 Rxb1 31. Kxb1 Rc7 32. Kc2 Kf8 33. f4 f6 34. Kd3 Kf7 35. Ke4 Ke6 36. Bf2 Kf7 37. Kf5 Bf8 38. Be3 Be7 39. a4 a6 40. Bf2 Bf8 41. Rd8 Be7 42. Rb8 1-0

[Event "Budapest FS08 IM"]
[Site "Budapest"]
[Date "2004.08.13"]
[Round "7"]
[White "Woodward, Timothy"]
[Black "Kjartansson, Gudmundur"]
[Result "1/2-1/2"]
[WhiteElo "2334"]
[BlackElo "2171"]
[PlyCount "100"]
[EventDate "2004.08.07"]
[EventType "tourn"]
[EventRounds "13"]
[EventCountry "HUN"]
[EventCategory "2"]
[SourceTitle "EXT 2005"]
[Source "ChessBase"]
[SourceDate "2004.11.15"]
[SourceVersion "1"]
[SourceVersionDate "2004.11.15"]
[SourceQuality "1"]

1. d4 Nf6 2. c4 e6 3. Nc3 Bb4 4. Qc2 0-0 5. e4 d5 6. e5 Ne4 7. a3 Bxc3+ 8. bxc3 c5 9. Bd3 Qa5 10. Ne2 cxd4 11. cxd5 exd5 12. f3 Nxc3 13. Bd2 Nc6 14. Nxd4 Nxd4 15. Qxc3 Qxc3 16. Bxc3 Nb3 17. Rb1 Nc5 18. Bc2 b6 19. 0-0 Ba6 20. Rfd1 Rfd8 21. Rb4 Rac8 22. Bf5 Rc7 23. Bb2 g6 24. Bb1 Ne6 25. f4 Bc4 26. f5 Nf8 27. Bd4 Re8 28. Rb2 Rce7 29. Rf2 Nd7 30. e6 fxe6 31. fxg6 hxg6 32. Bxg6 Rf8 33. Rxf8+ Kxf8 34. h4 e5 35. Be3 d4 36. Bg5 Re6 37. Bf5 Rd6 38. h5 Be2 39. Rc1 Bxh5 40. Rc7 Be8 41. Kf2 Rd5 42. Rxa7 Kf7 43. Kf3 d3 44. Bd2 Kf6 45. g4 Nc5 46. Bh7 Rd7 47. g5+ Kg7 48. Rxd7+ Bxd7 49. Be4 Bg4+ 50. Ke3 Nxe4 1/2-1/2

[Event "Budapest FS08 IM"]
[Site "Budapest"]
[Date "2004.08.12"]
[Round "6"]
[White "Eperjesi, Laszlo"]
[Black "Woodward, Timothy"]
[Result "1/2-1/2"]
[WhiteElo "2310"]
[BlackElo "2334"]
[PlyCount "48"]
[EventDate "2004.08.07"]
[EventType "tourn"]
[EventRounds "13"]
[EventCountry "HUN"]
[EventCategory "2"]
[SourceTitle "EXT 2005"]
[Source "ChessBase"]
[SourceDate "2004.11.15"]
[SourceVersion "1"]
[SourceVersionDate "2004.11.15"]
[SourceQuality "1"]

1. d4 d5 2. Nf3 Bf5 3. e3 e6 4. c4 c6 5. Nc3 Nf6 6. Bd3 Bg6 7. 0-0 Bd6 8. Re1 0-0 9. Bxg6 hxg6 10. e4 dxe4 11. Nxe4 Nxe4 12. Rxe4 Nd7 13. Bg5 Nf6 14. Rh4 Be7 15. Qd2 c5 16. Rd1 Qc7 17. d5 Rad8 18. Bf4 Bd6 19. Bh6 Nh5 20. Bxg7 Kxg7 21. Rxh5 gxh5 22. Qg5+ Kh7 23. Qxh5+ Kg7 24. Qg4+ Kh8 1/2-1/2